Hỏi đáp về dập tấm và cán, kéo kim loại
Tài liệu hỗ trợ các cơ sở sản xuất quy mô nhà nước, các công ty, các trường và cơ sở dạy nghề, hợp tác xã và gia đình nắm vững thêm cách gia công kim loại bằng áp lực và giải quyết các thắc mắc thông thường về công nghệ dập tấm...
Enregistré dans:
| Auteur principal: | |
|---|---|
| Format: | Livre |
| Langue: | Undetermined |
| Publié: |
Hà Nội
Khoa học và Kỹ thuật
2008
|
| Sujets: | |
| Tags: |
Ajouter un tag
Pas de tags, Soyez le premier à ajouter un tag!
|
| Thư viện lưu trữ: | Trung tâm Học liệu Trường Đại học Cần Thơ |
|---|
| LEADER | 01223nam a2200217Ia 4500 | ||
|---|---|---|---|
| 001 | CTU_161928 | ||
| 008 | 210402s9999 xx 000 0 und d | ||
| 020 | |c 23000 | ||
| 082 | |a 671.3 | ||
| 082 | |b Nh464 | ||
| 100 | |a Đỗ, Hữu Nhơn | ||
| 245 | 0 | |a Hỏi đáp về dập tấm và cán, kéo kim loại | |
| 245 | 0 | |c Đỗ Hữu Nhơn, Nguyễn Mậu Đằng, Nguyễn Ngọc Giao | |
| 260 | |a Hà Nội | ||
| 260 | |b Khoa học và Kỹ thuật | ||
| 260 | |c 2008 | ||
| 520 | |a Tài liệu hỗ trợ các cơ sở sản xuất quy mô nhà nước, các công ty, các trường và cơ sở dạy nghề, hợp tác xã và gia đình nắm vững thêm cách gia công kim loại bằng áp lực và giải quyết các thắc mắc thông thường về công nghệ dập tấm và cá, kéo kim loại. Đây là các quy trình gia công kim loại rất kinh tế và phổ biến trên đất nước ta hiện nay. | ||
| 650 | |a Metal products,Metal-work,Metals | ||
| 650 | |x Hot working | ||
| 904 | |i Bich Tram | ||
| 980 | |a Trung tâm Học liệu Trường Đại học Cần Thơ | ||